| 000 | 00813nam a2200253Ia 4500 | ||
|---|---|---|---|
| 003 | OSt | ||
| 005 | 20220926022611.0 | ||
| 006 | a|||||r|||| 00| 0 | ||
| 007 | ta | ||
| 008 | 220923b |||||||| |||| 00| 0 eng d | ||
| 037 | _cGeneral Book | ||
| 040 |
_aRTL _cRTL _beng |
||
| 041 |
_2eng _aeng |
||
| 082 | _aX9:(T:31), L8/UN | ||
| 110 |
_aUNITED NATION INDUSTRIAL DEVELOPMENT ORGANIZATION. _9326291 |
||
| 245 | 0 | _aAudio-visual techniques for industry | |
| 260 |
_aNew York _bUnited Nations USA _c1978 |
||
| 300 |
_aix,84p. _ccm. |
||
| 490 | _aIts, Development And Esavsfer Of Technology Series. 6 | ||
| 650 |
_aIndustrial Eoconmy _9236188 |
||
| 700 |
_aUNITED NATION INDUSTRIAL DEVELOPMENT ORGANIZATION. _9326292 |
||
| 942 |
_hX9:(T:31), L8/UN _cGB _2CC |
||
| 999 |
_c639874 _d639874 |
||